A short guide to classical mythology
محفوظ في:
| المؤلف الرئيسي: | |
|---|---|
| التنسيق: | كتاب |
| اللغة: | Undetermined |
| منشور في: |
New York, Estados Unidos
Holt, Rinehart & Winston
1959
|
| الموضوعات: | |
| الوسوم: |
إضافة وسم
لا توجد وسوم, كن أول من يضع وسما على هذه التسجيلة!
|
MARC
| LEADER | 00000nam a2200000Ia 4500 | ||
|---|---|---|---|
| 008 | 170316s9999 xx 000 0 und d | ||
| 090 | |a 291 K-1a | ||
| 100 | |a Kirkwood, G.M. | ||
| 245 | 2 | |a A short guide to classical mythology | |
| 260 | |a New York, Estados Unidos | ||
| 260 | |b Holt, Rinehart & Winston | ||
| 260 | |c 1959 | ||
| 300 | |a 109 páginas | ||
| 650 | |a MITOLOGÍA | ||
| 999 | |c 18142 |d 18142 | ||
| 040 | |a cru BVZT | ||
| 942 | |c 15 D |h 291 K-1a |2 z | ||
